000 01101nam a22002777a 4500
003 AR-RoUNA
005 20250911085938.0
008 250508b |||||||| |||| 00| 0 spa d
040 _aAR-RoUNA
_bspa
_dAR-RoUNA
041 _aspa
_hspa
044 _aag
100 0 _aLoomis, Andrew
_927133
245 1 3 _aEl dibujo de figura en todo su valor /
_cAndrew Loomis
250 _a6a. ed.
260 _aBuenos Aires :
_bLibreria Hachette S.A.,
_c1951
300 _a204 p.:
_bdib.
_c30x22 cm
520 0 _a"El Dibujo de Figura en Todo su Valor" de Andrew Loomis, es un documento de referencia para artistas y estudiantes de arte que buscan mejorar sus habilidades en el dibujo de figuras humanas. El libro explora los principios fundamentales de la construcción de figuras, incluyendo proporciones, perspectiva, anatomía y composición.
650 4 _aDibujos
_vIlustraciones
650 4 _aFiguras humanas
650 4 _aExpresionismo
908 _aImp
930 _e12196
942 _2ddc
_cLIB
945 _aMIA
_d2025-05-08
980 _61
_aMaricel Allasia
_85
_gMaría Machado
999 _c11960
_d11960